1954 1826 1093 1951 1281 1122 1059 1429 1103 1258 1293 1419 1417 1818 1505 1426 1491 1089 1017 1513 1488 1630 1205 1536 1128 1803 1044 1390 1685 1740 1653 1649 1417 1730 1778 1733 1880 1814 1421 1392 1144 1970 1417 1651 1567 1292 1556 1365 1680 1407 1338 1724 1502 1302 1888 1472 1890 1220 1801 1409 1261 1588 1643 1790 1047 1781 1336 1602 1042 1761 1599 1964 1675 1796 1055 1843 1906 1133 1383 1873 1119 1815 1158 1293 1321 1132 1287 1408 1279 1437 1408 1651 1711 1864 1708 1524 1388 1282 1756 BCNSPRNW ULIB Ver.6.0+V

เปลี่ยนเป็นภาษาไทย

Change to English
 แสดงรายละเอียดบรรณานุกรม
  กลับหน้าหลัก

Brief Record : Get Marc (ISO 2709) : E-mail record : QR code < ปิดหน้าต่าง
LEADER : 00000nam 2200000uu 4500
001    13399127477
003     ULIB
008    200604s2018||||th 000 0 tha d
020    ^a9781975134877 (alk. paper)
060 04 ^aWQ18.2^bC156B
100 1  ^aCallahan, Tamara L.
245 10 ^aBlueprints obstetrics & gynecology /^cTamara Callahan,Aaron B. Caughey
246 1  ^aObstetrics & gynecology
246 1  ^aBlueprints obstetrics and gynecology
250    ^a7th ed.
260    ^aBaltimore, MD :^bWolters Kluwer Health/Lippincott Williams& Wilkins,^c2018
300    ^axiv, 590 p. :^bill. (some col.) ;^c26 cm.
504    ^aIncludes bibliographical references and index
650  2 ^aPregnancy Complications^vExamination Questions
650  2 ^aGenital Diseases, Female^vExamination Questions
700 1  ^aCaughey, Aaron B.
830  0 ^aBlueprints
945    ^p0^l0^i28383
999    ^aกัณชพร จุลอักษร
รายการนี้ยังไม่มีแท็ก
คุณยังไม่ได้ล็อกอิน คุณสามารถมีกิจกรรมร่วมกับเว็บไซต์ได้ แต่ต้องล็อกอินก่อน ::
  ล็อกอิน

รายการสื่อสารสนเทศ

ลำดับที่ ประเภท เลขเรียก/บาร์โค้ด สถานที่ สถานะ
1. หนังสือสำรอง
หนังสือสำรอง
WQ18.2 C156B ฉ.1 
  Barcode: 28383
ห้องสมุดวิทยาเขตนครสวรรค์
►หนังสือทั่วไป:l:General Books
บนชั้น

รายการใกล้เคียง
    ผู้แต่ง [Callahan, Tamara L.]

BibComment


ยังไม่เคยถูกคอมเมนท์

คอมเมนท์ทรัพยากรรายการนี้
  คอมเมนท์: Blueprints obste..


 Copyright 2026. Bcnsprnw @Library